02319nam a2200409 i 4500001001200000003000800012006001900020007001500039008004100054020002500095020002200120020002700142040003500169050002400204100002800228245016200256264004500418264001200463300003500475336002100510337002300531338003200554490006000586504006700646505029800713588004701011610019101058610004801249650005401297650002701351655002201378700002801400700002101428776028901449830004501738856012601783ebr10819407CaPaEBRm o d cr cn|||||||||130328t20132013gw ob 001 0 eng|d z9783631633564 (hbk.) z3631633564 (hbk.) a9783653028706 (e-book) aCaPaEBRbengerdaepncCaPaEBR14aKZ7230b.B33 2013eb1 aBachmann, Klaus,d1963-10aWhen justice meets politics :bindependence and autonomy of ad hoc international criminal tribunals /cKlaus Bachmann, Thomas Sparrow-Botero, Peter Lambertz. 1aFrankfurt am Main :bPeter Lang,c[2013] 4c�2013 a1 online resource (407 pages). atext2rdacontent acomputer2rdamedia aonline resource2rdacarrier1 aStudies in political transition,x2191-3307 ;vvolume 2 aIncludes bibliographical references (pages 391-397) and index.0 apart I. The ICTY's role in Siberia's and Croatia's EU accession - an agent or a principal of Europeanisation? -- part II. External influences on judging at international criminal tribunals -- part III. Politicizing tribunals? : reconciliation in sentencing and judging at the ICTR and the ICT. aDescription based on print version record.20aInternational Tribunal for the Prosecution of Persons Responsible for Serious Violations of International Humanitarian Law Committed in the Territory of the Former Yugoslavia since 1991.20aInternational Criminal Tribunal for Rwanda. 0aInternational criminal courtsxPolitical aspects. 0aJudicial independence. 0aElectronic books.1 aSparrow-Botero, Thomas.1 aLambertz, Peter.08iPrint version:aBachmann, Klaus.tWhen justice meets politics : independence and autonomy of ad hoc international criminal tribunals.dFrankfurt am Main : Peter Lang, [2013]h404 pages ; 22 cm.kStudies in political transition ; volume 2x2191-3307 ;z9783631633564w(DLC) 2012540747 0aStudies in political transition ;vv. 2.40uhttp://site.ebrary.com/lib/rucke/Doc?id=10819407zAn electronic book accessible through the World Wide Web; click to view